[Event "CSS Freestyle 8th"]
[Site "playchess.com"]
[Date "2008.04.12"]
[Round "6"]
[White "Paganel01"]
[Black "Sciolto"]
[Result "0-1"]
[WhiteElo "2455"]
[BlackElo "2486"]
[PlyCount "138"]
[EventDate "2008.04.11"]

1. Nf3 {18} d5 {23} 2. d4 {77} Nf6 {12} 3. c4 {38} dxc4 {16} 4. e3 {53} e6 {23}
5. Bxc4 {27} c5 {13} 6. O-O {28} a6 {14} 7. Nc3 {99} b5 {62} 8. Bb3 {77} Bb7 {
72} 9. Qe2 {16} Nbd7 {11} 10. Rd1 {37} Qc7 {153} 11. e4 {66} cxd4 {27} 12. Nxd4
{13} Bd6 {432} 13. g3 {52} Bc5 {10} 14. Be3 {381} O-O {13} 15. f3 {57} Ne5 {322
} 16. Rd2 {140} Rfd8 {28} 17. Rad1 {48} Rd7 {72} 18. a3 {291} Rad8 {7} 19. Kg2
{58} h6 {22} 20. Nc2 {110} Rxd2 {9} 21. Rxd2 {28} Rxd2 {47} 22. Qxd2 {11} Be7 {
55} 23. Bf2 {104} Nfd7 {105} 24. Ne3 {142} g5 {190} 25. Bd1 {55} Qd6 {139} 26.
Qxd6 {161} Bxd6 {5} 27. b4 {2} Nd3 {7} 28. Bg1 {15} Be5 {288} 29. Nb1 {15} Bb2
{74} 30. h3 {64} N7e5 {216} 31. Kf1 {125} Nc6 {91} 32. Nc2 {124} f5 {56} 33.
exf5 {105} exf5 {4} 34. Be2 {7} Nc1 {106} 35. Be3 {80} Nxe2 {84} 36. Kxe2 {4}
Kh7 {3} 37. Nd2 {66} Bc8 {34} 38. f4 {43} gxf4 {22} 39. gxf4 {31} Be6 {18} 40.
Nf3 {37} Bc4+ {144} 41. Kf2 {53} Bd3 {47} 42. Nfe1 {33} Be4 {9} 43. Ke2 {48}
Kg6 {5} 44. Nd3 {48} Bf6 {23} 45. Bc5 {16} Bc3 {111} 46. Nce1 {81} Kh5 {39} 47.
Bf2 {25} Ne7 {59} 48. Nc5 {66} Nd5 {37} 49. Ned3 {83} Bg2 {88} 50. Nxa6 {95}
Bxh3 {16} 51. Nac5 {36} Bg4+ {52} 52. Kf1 {15} Bd1 {2} 53. Ne6 {147} Kg4 {5}
54. Ne5+ {108} Kh3 {147} 55. Be1 {90} Ba1 {10} 56. Kf2 {77} Bb3 {5} 57. Nf3 {18
} Nf6 {30} 58. Ned4 {47} Ng4+ {42} 59. Ke2 {50} Bc4+ {4} 60. Kd2 {19} Nh2 {14}
61. Ke3 {54} Nxf3 {10} 62. Nxf3 {6} Bb2 {54} 63. Ne5 {41} Be6 {22} 64. Nd3 {81}
Bxa3 {6} 65. Kd4 {20} h5 {9} 66. Kc5 {15} Bc4 {21} 67. Ne5 {56} Bb2 {47} 68.
Nxc4 {71} bxc4 {15} 69. Kxc4 {1} h4 {
Paganel01 resigns (Lag: Av=0.30s, max=1.0s) 26} 0-1

[Event "CSS Freestyle 8th"]
[Site "playchess.com"]
[Date "2008.04.12"]
[Round "6"]
[White "New Man"]
[Black "Galactus007"]
[Result "1-0"]
[WhiteElo "2504"]
[BlackElo "2384"]
[PlyCount "115"]
[EventDate "2008.04.11"]

1. e4 {41} c5 {42} 2. Nf3 {53} Nc6 {27} 3. d4 {161} cxd4 {33} 4. Nxd4 {28} g6 {
63} 5. Nc3 {61} Bg7 {26} 6. Be3 {164} Nf6 {53} 7. Nxc6 {114} bxc6 {62} 8. e5 {
82} Ng8 {223} 9. f4 {111} f6 {104} 10. Bd4 {161} Qa5 {219} 11. Qe2 {243} c5 {
178} 12. Be3 {77} fxe5 {187} 13. Bd2 {51} Qb6 {244} 14. fxe5 {86} Rb8 {167} 15.
b3 {78} e6 {138} 16. O-O-O {48} Ne7 {106} 17. Qf2 {87} Rf8 {167} 18. Qg3 {14}
Nf5 {77} 19. Qh3 {23} Kf7 {196} 20. Ne4 {33} Kg8 {81} 21. Bc3 {54} Nd4 {57} 22.
Ng5 {219} h6 {50} 23. Nf3 {62} Nf5 {77} 24. Nh4 {455} Qd8 {159} 25. Nxf5 {20}
Rxf5 {76} 26. Kb1 {270} Bxe5 {107} 27. g4 {244} Rg5 {91} 28. Bc4 {95} Qe7 {324}
29. Bxe5 {12} Rxe5 {48} 30. Rhf1 {39} Qg7 {209} 31. Qg3 {31} d5 {64} 32. Rf2 {
51} Rb7 {95} 33. Bd3 {42} c4 {59} 34. Bxg6 {30} Rg5 {80} 35. Bh5 {2} e5 {25}
36. Rdf1 {10} Be6 {34} 37. Qe3 {54} cxb3 {45} 38. axb3 {32} Bxg4 {27} 39. Bf7+
{21} Rxf7 {28} 40. Rxf7 {28} Qxf7 {28} 41. Rxf7 {26} Kxf7 {8} 42. Qxa7+ {26}
Ke6 {28} 43. b4 {47} d4 {17} 44. b5 {14} Bf3 {24} 45. b6 {51} Rg6 {17} 46. b7 {
29} Bxb7 {26} 47. Qxb7 {58} Rg1+ {20} 48. Kb2 {34} Rg6 {18} 49. Kb3 {33} Rg5 {
18} 50. Qc6+ {27} Kf5 {20} 51. Qxh6 {23} Rg1 {20} 52. Qh3+ {30} Kf4 {18} 53.
Qh4+ {23} Rg4 {15} 54. Qf6+ {39} Ke4 {15} 55. Kc4 {20} Rg8 {14} 56. Qh4+ {18}
Kf5 {12} 57. Qh7+ {23} Rg6 {11} 58. Kd5 {
Galactus007 resigns (Lag: Av=0.55s, max=9.5s) 20} 1-0

[Event "CSS Freestyle 8th"]
[Site "playchess.com"]
[Date "2008.04.12"]
[Round "6"]
[White "Spidey"]
[Black "Mepholos"]
[Result "1/2-1/2"]
[WhiteElo "1689"]
[BlackElo "1931"]
[PlyCount "205"]
[EventDate "2008.04.11"]

1. e4 {5} e5 {5} 2. Nf3 {6} Nc6 {5} 3. Bb5 {5} a6 {6} 4. Ba4 {7} Nf6 {5} 5. O-O
{4} b5 {4} 6. Bb3 {79} Bb7 {6} 7. c3 {159} Nxe4 {6} 8. d4 {339} Na5 {12} 9.
Nxe5 {171} Nxb3 {9} 10. Qxb3 {13} Qf6 {9} 11. f3 {73} Nc5 {9} 12. Ng4 {108}
Nxb3 {6} 13. Nxf6+ {7} Ke7 {6} 14. Bg5 {14} Nxa1 {42} 15. Re1+ {19} Be4 {48}
16. Nxe4+ {104} Ke6 {109} 17. Bf4 {437} Kf5 {190} 18. Nf2 {625} f6 {222} 19.
Nd3 {5} g5 {173} 20. Bxc7 {10} Rc8 {152} 21. Ba5 {66} Nc2 {165} 22. Re2 {6} Na1
{89} 23. Nd2 {4} Bh6 {106} 24. Re7 {35} d5 {124} 25. Nf1 {37} Rce8 {145} 26.
Ne3+ {27} Kg6 {12} 27. Nxd5 {20} Rxe7 {60} 28. Nxe7+ {4} Kf7 {42} 29. Nf5 {21}
Bf8 {48} 30. d5 {23} h5 {59} 31. Bc7 {37} Nc2 {38} 32. d6 {28} Ke6 {29} 33. g4
{27} hxg4 {26} 34. fxg4 {12} a5 {28} 35. Kg2 {59} Ne3+ {11} 36. Nxe3 {28} Bxd6
{14} 37. Bxd6 {150} Kxd6 {9} 38. Nf2 {40} Ke5 {36} 39. Nc2 {83} Rc8 {11} 40. a3
{47} Kf4 {23} 41. Nd4 {18} Rb8 {27} 42. h3 {130} Ke3 {49} 43. Nc6 {165} Ra8 {15
} 44. Kf1 {460} Kd2 {10} 45. Nd4 {16} Rb8 {12} 46. Ne4+ {19} Kd3 {35} 47. Nc5+
{8} Kc4 {16} 48. Nce6 {12} Rh8 {13} 49. Kg2 {19} Rh7 {19} 50. Nf5 {150} b4 {102
} 51. cxb4 {7} axb4 {10} 52. Ne3+ {24} Kd3 {12} 53. Nd5 {11} bxa3 {17} 54. bxa3
{10} Kc4 {23} 55. Nec7 {21} Kb3 {18} 56. Ne8 {143} Rb7 {12} 57. Nexf6 {40} Kc4
{15} 58. Nb4 {32} Re7 {20} 59. Nfd5 {17} Re1 {20} 60. Kf3 {16} Rh1 {11} 61.
Ne3+ {7} Kc3 {16} 62. Ke4 {85} Rxh3 {20} 63. Kf5 {3} Rh8 {16} 64. Kxg5 {2} Kd4
{10} 65. Nbc2+ {90} Ke4 {9} 66. Kf6 {11} Rh6+ {11} 67. Kf7 {29} Kf4 {9} 68. Ke7
{19} Ra6 {14} 69. Kd7 {12} Kg5 {9} 70. Kc7 {14} Kf4 {13} 71. Kb7 {11} Ra4 {12}
72. Kb6 {27} Ra8 {12} 73. Kb5 {18} Rb8+ {8} 74. Kc6 {13} Ra8 {120} 75. Kb6 {6}
Kf3 {15} 76. Kb5 {28} Rb8+ {9} 77. Ka6 {6} Ra8+ {11} 78. Kb7 {8} Ra4 {10} 79.
Kb6 {27} Ra8 {11} 80. Kc5 {8} Rc8+ {8} 81. Kb4 {9} Rb8+ {9} 82. Kc3 {14} Ra8 {8
} 83. Kb3 {36} Rb8+ {7} 84. Ka2 {8} Ra8 {10} 85. Kb2 {12} Rb8+ {8} 86. Kc1 {11}
Kf4 {8} 87. Kd2 {15} Rc8 {9} 88. Kd3 {8} Kf3 {7} 89. Kd4 {51} Kf4 {8} 90. Kd5 {
11} Rc7 {8} 91. Kd6 {9} Rc8 {8} 92. Kd7 {6} Rc5 {11} 93. Kd6 {13} Rc8 {10} 94.
Kd7 {6} Rc5 {10} 95. Ke6 {10} Rc6+ {10} 96. Kf7 {11} Rh6 {12} 97. Kg7 {8} Re6 {
14} 98. Kf7 {9} Ra6 {13} 99. Kg7 {9} Rc6 {13} 100. Nb4 {43} Rd6 {9} 101. Nbd5+
{27} Kg5 {14} 102. Nb4 {33} Re6 {10} 103. Nbc2 {
Mepholos offers a draw (Lag: Av=0.43s, max=1.4s) 18} 1/2-1/2

[Event "CSS Freestyle 8th"]
[Site "playchess.com"]
[Date "2008.04.12"]
[Round "6"]
[White "Regina H-Milch"]
[Black "Rentner2"]
[Result "1/2-1/2"]
[WhiteElo "1791"]
[BlackElo "1714"]
[PlyCount "106"]
[EventDate "2008.04.11"]

1. d4 {10} d5 {4} 2. c4 {59} e6 {10} 3. Nc3 {66} c5 {5} 4. cxd5 {77} exd5 {13}
5. Nf3 {27} Nc6 {4} 6. g3 {64} Nf6 {7} 7. Bg2 {16} Be7 {20} 8. O-O {24} O-O {4}
9. Bg5 {103} c4 {11} 10. Ne5 {71} Be6 {6} 11. f4 {342} Ng4 {1486} 12. Nxg4 {616
} Bxg4 {0} 13. Bxd5 {38} Bxg5 {26} 14. fxg5 {28} Qxg5 {7} 15. Rf4 {119} Rad8 {8
} 16. Qd2 {73} Bh3 {5} 17. e4 {189} Be6 {7} 18. Raf1 {109} Qe7 {13} 19. a3 {68}
Qd7 {936} 20. Bxe6 {276} Qxe6 {22} 21. d5 {16} Ne5 {339} 22. Qd4 {78} a6 {4}
23. Nd1 {30} f6 {118} 24. Ne3 {82} b5 {486} 25. Nf5 {178} Qd7 {3} 26. Kh1 {303}
Qb7 {33} 27. g4 {134} h6 {240} 28. h4 {35} Qd7 {8} 29. g5 {166} Rde8 {138} 30.
gxf6 {. 328} Rxf6 {5} 31. h5 {7} Nf7 {3} 32. Rg4 {97} Ng5 {10} 33. Nxh6+ {66}
Rxh6 {5} 34. Rxg5 {2} Qe7 {32} 35. Rg4 {25} Rxh5+ {37} 36. Kg2 {4} Rg5 {6} 37.
Rff4 {25} Rxg4+ {6} 38. Rxg4 {3} Rf8 {2} 39. d6 {73} Qf7 {25} 40. Kh2 {66} Qf2+
{10} 41. Qxf2 {24} Rxf2+ {4} 42. Kg3 {31} Rd2 {26} 43. e5 {14} Kf7 {10} 44. Kf3
{29} Rxb2 {21} 45. Rd4 {24} Rb3+ {19} 46. Ke4 {35} Rd3 {12} 47. Rxd3 {21} cxd3
{8} 48. Kxd3 {3} a5 {49} 49. Kd4 {11} b4 {5} 50. axb4 {28} axb4 {22} 51. Kd5 {
23} b3 {15} 52. d7 {3} b2 {40} 53. d8=Q {6} b1=Q {
Regina H-Milch bietet Remis (Lag: Av=0.32s, max=0.9s) 3} 1/2-1/2

[Event "CSS Freestyle 8th"]
[Site "playchess.com"]
[Date "2008.04.12"]
[Round "6"]
[White "Lukulus"]
[Black "Mapi"]
[Result "1/2-1/2"]
[WhiteElo "2433"]
[BlackElo "2490"]
[PlyCount "159"]
[EventDate "2008.04.11"]

1. d4 {15} Nf6 {39} 2. Nf3 {13} e6 {48} 3. e3 {11} c5 {23} 4. Bd3 {9} d5 {17}
5. b3 {12} Nc6 {25} 6. O-O {117} Be7 {31} 7. Bb2 {41} O-O {18} 8. Nbd2 {9} b6 {
24} 9. Ne5 {8} Bb7 {12} 10. f4 {20} Nb4 {141} 11. Be2 {9} cxd4 {91} 12. Bxd4 {
46} Nd7 {57} 13. Nxd7 {33} Qxd7 {16} 14. a3 {9} Nc6 {44} 15. Bb2 {14} f6 {151}
16. Bd3 {143} Rac8 {44} 17. Rf3 {24} Bd6 {185} 18. Rg3 {55} Ne7 {18} 19. Nf3 {9
} Nf5 {80} 20. Bxf5 {31} exf5 {0} 21. Nd4 {11} Rce8 {109} 22. Qd3 {16} Re4 {79}
23. Ne2 {15} Qe7 {158} 24. a4 {17} Re8 {59} 25. Bd4 {22} Bc5 {148} 26. a5 {14}
Qe6 {137} 27. h4 {636} Kh8 {218} 28. axb6 {112} axb6 {27} 29. h5 {38} h6 {152}
30. c3 {268} Qf7 {186} 31. Rh3 {26} Bc8 {57} 32. b4 {20} Bxd4 {72} 33. Nxd4 {22
} Qb7 {94} 34. Ra3 {35} Bd7 {121} 35. Qa6 {36} Qb8 {90} 36. Rg3 {82} Qd6 {108}
37. Kf2 {13} Qe7 {55} 38. Qe2 {421} Bc8 {Mapi bietet Remis 11} 39. Rf3 {181}
Kh7 {47} 40. Rh3 {26} Kh8 {31} 41. Qd2 {75} Kh7 {25} 42. Rg3 {192} Kh8 {13} 43.
Ra8 {143} Qc7 {131} 44. Qa2 {193} Qxc3 {161} 45. Ne2 {60} Qxb4 {118} 46. Qxd5 {
32} R4e7 {44} 47. Qd4 {22} Qc5 {38} 48. Ra1 {192} Rd7 {38} 49. Qxc5 {20} bxc5 {
9} 50. Ra5 {4} Rc7 {17} 51. Rh3 {13} Rd8 {28} 52. Rh1 {16} Rd2 {20} 53. Rb1 {13
} Kh7 {66} 54. Ke1 {46} Rd3 {4} 55. Kf2 {27} Be6 {16} 56. Rbb5 {15} Rd5 {18}
57. Kf3 {12} Bf7 {34} 58. Ng3 {60} Be8 {6} 59. Rb2 {42} Bc6 {6} 60. Kf2 {16} c4
{9} 61. Ra3 {12} Rd3 {63} 62. Rxd3 {101} cxd3 {5} 63. Nxf5 {116} Be4 {37} 64.
Nd4 {16} Rc5 {112} 65. Ra2 {81} Rxh5 {19} 66. Ra1 {Lukulus bietet Remis 13} Rc5
{165} 67. g4 {32} h5 {9} 68. gxh5 {8} Rxh5 {6} 69. Kg3 {8} Rc5 {86} 70. Kf2 {15
} g5 {73} 71. fxg5 {8} fxg5 {10} 72. Ke1 {19} Kg6 {11} 73. Ra6+ {22} Kh5 {6}
74. Re6 {29} Bg6 {2} 75. Kd2 {13} g4 {Lukulus bietet Remis 10} 76. e4 {76} g3 {
5} 77. Nf3 {10} g2 {8} 78. Ng1 {10} Bf7 {37} 79. Rd6 {24} Bc4 {7} 80. Ke3 {
Mapi bietet Remis (Lag: Av=0.48s, max=1.7s) 10} 1/2-1/2

[Event "CSS Freestyle 8th"]
[Site "playchess.com"]
[Date "2008.04.12"]
[Round "6"]
[White "Ultima"]
[Black "Rybko"]
[Result "1-0"]
[WhiteElo "2579"]
[BlackElo "2409"]
[PlyCount "147"]
[EventDate "2008.04.11"]

1. e4 {28} e6 {204} 2. d4 {16} d5 {3} 3. Nc3 {3} Nf6 {30} 4. e5 {128} Nfd7 {16}
5. f4 {157} c5 {10} 6. Nf3 {53} Nc6 {38} 7. Be3 {7} a6 {200} 8. Be2 {26} Qb6 {
34} 9. a3 {327} cxd4 {15} 10. Nxd4 {31} Bc5 {10} 11. Na4 {6} Qa5+ {10} 12. c3 {
4} Bxd4 {6} 13. Bxd4 {0} Nxd4 {5} 14. Qxd4 {0} O-O {12} 15. O-O {38} Qc7 {10}
16. b4 {9} b5 {16} 17. Nb2 {8} Bb7 {8} 18. a4 {6} Bc6 {16} 19. a5 {2} Bb7 {52}
20. Rac1 {10} Rac8 {6} 21. Rf3 {427} f6 {73} 22. exf6 {0} Rxf6 {3} 23. Nd3 {195
} Qb8 {42} 24. Rff1 {16} Rc4 {26} 25. Qe3 {8} Re4 {18} 26. Qf2 {7} Qc7 {35} 27.
Bf3 {62} Rc4 {20} 28. Bg4 {497} Qd6 {499} 29. Rfe1 {235} Rg6 {388} 30. h3 {27}
Rf6 {394} 31. Qd2 {8} Kh8 {1212} 32. Re2 {40} Re4 {38} 33. Rce1 {23} Rf8 {17}
34. Re3 {412} Qc6 {160} 35. Bf3 {25} Rxe3 {8} 36. Qxe3 {1} Nf6 {174} 37. Qc5 {
179} Rc8 {11} 38. Qxc6 {205} Rxc6 {6} 39. Nc5 {5} Bc8 {30} 40. g4 {63} h5 {241}
41. g5 {. 147} Ne4 {5} 42. Bxe4 {1} dxe4 {1} 43. Rd1 {46} Kh7 {31} 44. Kf2 {11}
Kg6 {27} 45. Ke3 {6} e5 {41} 46. fxe5 {11} Kxg5 {27} 47. Rd6 {77} Rc7 {11} 48.
e6 {4} Kf6 {10} 49. h4 {141} Kf5 {23} 50. Rd7 {36} Rc6 {22} 51. Rf7+ {100} Kg6
{11} 52. Ra7 {9} Bxe6 {12} 53. Rxa6 {20} Bd5 {27} 54. Rb6 {14} Kf5 {16} 55.
Rxb5 {20} Bc4 {14} 56. Rb8 {41} Kg4 {11} 57. Re8 {29} Kg3 {13} 58. Re5 {25} g6
{15} 59. Nxe4+ {38} Kxh4 {14} 60. b5 {14} Bxb5 {16} 61. Rxb5 {0} Ra6 {41} 62.
Kf3 {9} Ra7 {6} 63. Rg5 {64} Rf7+ {16} 64. Ke3 {1} Ra7 {9} 65. Rxg6 {65} Rxa5 {
5} 66. Kf4 {33} Ra8 {30} 67. Rg5 {19} Rc8 {12} 68. Rf5 {23} Rd8 {30} 69. Kf3 {
13} Rd3+ {8} 70. Kg2 {14} Kg4 {12} 71. Nf2+ {20} Kxf5 {10} 72. Nxd3 {0} Ke4 {15
} 73. c4 {18} Kd4 {2} 74. c5 {Rybko resigns (Lag: Av=0.34s, max=1.4s) 8} 1-0

[Event "CSS Freestyle 8th"]
[Site "playchess.com"]
[Date "2008.04.12"]
[Round "6"]
[White "Siciliane5"]
[Black "Americochess"]
[Result "1/2-1/2"]
[WhiteElo "1705"]
[BlackElo "1632"]
[PlyCount "188"]
[EventDate "2008.04.11"]

1. e4 {2} c5 {18} 2. c3 {26} Nf6 {28} 3. e5 {18} Nd5 {11} 4. d4 {24} cxd4 {24}
5. Nf3 {52} Nc6 {35} 6. Bc4 {42} Nb6 {21} 7. Bb3 {32} d6 {26} 8. exd6 {50} Qxd6
{14} 9. Na3 {335} dxc3 {127} 10. Qe2 {134} cxb2 {139} 11. Bxb2 {266} Qb4+ {26}
12. Kf1 {70} Bg4 {18} 13. Nb5 {80} Rd8 {27} 14. Nc7+ {75} Kd7 {13} 15. Nb5 {62}
Bxf3 {12} 16. gxf3 {40} a6 {30} 17. Rd1+ {81} Kc8 {8} 18. Rxd8+ {186} Kxd8 {6}
19. Qd3+ {3} Nd7 {14} 20. Nd4 {3} Nxd4 {55} 21. Bxd4 {3} Qd6 {72} 22. Qe3 {223}
e5 {87} 23. Bb2 {109} Qf6 {28} 24. Qe4 {37} Kc7 {90} 25. Ke2 {23} Bd6 {82} 26.
Rc1+ {213} Kb8 {11} 27. Qd5 {43} Rc8 {52} 28. Rxc8+ {62} Kxc8 {8} 29. Qxf7 {
Siciliane5 offers a draw 2} Qxf7 {52} 30. Bxf7 {2} g5 {21} 31. Ke3 {70} Nf6 {85
} 32. a4 {131} Kd7 {23} 33. Kd3 {37} b5 {30} 34. axb5 {66} axb5 {5} 35. Bc3 {41
} Ke7 {67} 36. Bb3 {52} h6 {22} 37. Bb2 {12} Nd7 {67} 38. Bd5 {73} Nc5+ {7} 39.
Kc2 {7} Kd7 {40} 40. Ba1 {7} Ne6 {63} 41. Bc3 {35} Ke7 {47} 42. Kb3 {92} Kf6 {
15} 43. Bd2 {56} Bc5 {62} 44. Be1 {16} Nd4+ {61} 45. Kb2 {44} Ne2 {25} 46. Kb3
{27} Ke7 {47} 47. Be4 {17} Kd6 {24} 48. Ka2 {Siciliane5 offers a draw 14} Nf4 {
49} 49. Kb3 {28} Nh3 {40} 50. Bf5 {28} Ng1 {48} 51. Be4 {72} Ke6 {14} 52. Bc6 {
15} Ne2 {54} 53. Be4 {17} Nd4+ {96} 54. Kb2 {19} b4 {1039} 55. Bd2 {52} Kd6 {17
} 56. Be3 {21} Bb6 {109} 57. Bb1 {27} Kd5 {62} 58. Ba2+ {75} Kc6 {20} 59. Bb1 {
25} Ne6 {44} 60. Bd2 {14} Kb5 {25} 61. Bd3+ {19} Ka5 {17} 62. Be4 {9} Bxf2 {41}
63. Kb3 {41} Nc5+ {39} 64. Kc4 {12} Nxe4 {41} 65. fxe4 {2} Bg1 {45} 66. Bxb4+ {
22} Kb6 {24} 67. h3 {9} Kc6 {59} 68. Be7 {4} Bb6 {77} 69. Kd3 {27} Kd7 {16} 70.
Bb4 {20} h5 {16} 71. Ke2 {13} g4 {39} 72. hxg4 {2} hxg4 {12} 73. Be1 {3} Ke6 {
41} 74. Bg3 {20} Bd4 {18} 75. Be1 {20} Bc5 {33} 76. Bg3 {13} Bg1 {45} 77. Kd3 {
24} Bd4 {27} 78. Ke2 {15} Bc5 {18} 79. Bh2 {19} Kd6 {13} 80. Bg3 {17} Bd4 {12}
81. Bh4 {Siciliane5 offers a draw 19} Bg1 {25} 82. Bg3 {15} Ba7 {31} 83. Kd3 {
16} Ke6 {31} 84. Ke2 {16} Kf6 {30} 85. Bh4+ {15} Kg6 {10} 86. Bg3 {16} Bd4 {36}
87. Kf1 {18} Kg5 {13} 88. Kg2 {16} Kf6 {26} 89. Bh4+ {19} Kg6 {10} 90. Bg3 {13}
Kg5 {25} 91. Kf1 {18} Bb2 {19} 92. Kg2 {12} Kf6 {26} 93. Bh4+ {20} Kg6 {16} 94.
Bg3 {Americochess oferece o empate 18} Kg5 {(Lag: Av=0.32s, max=4.6s) 113}
1/2-1/2

[Event "CSS Freestyle 8th"]
[Site "playchess.com"]
[Date "2008.04.12"]
[Round "6"]
[White "PM1"]
[Black "Ozymandias"]
[Result "1-0"]
[WhiteElo "1678"]
[BlackElo "1811"]
[PlyCount "127"]
[EventDate "2008.04.11"]

1. e4 {11} e5 {1} 2. Nf3 {41} Nf6 {2} 3. Nxe5 {32} d6 {2} 4. Nf3 {9} Nxe4 {3}
5. d4 {26} d5 {2} 6. Bd3 {8} Nc6 {19} 7. O-O {15} Be7 {29} 8. c4 {12} Nb4 {92}
9. Be2 {47} Bf5 {637} 10. a3 {170} Nc6 {4} 11. Nc3 {2} Nxc3 {28} 12. bxc3 {0}
O-O {73} 13. Re1 {10} Re8 {661} 14. cxd5 {6} Qxd5 {32} 15. Bf4 {3} Rac8 {51}
16. h3 {282} h6 {368} 17. Nd2 {394} Bd6 {332} 18. Be3 {3} Na5 {338} 19. c4 {11}
Qe6 {112} 20. Qa4 {24} b6 {35} 21. c5 {2} Be7 {105} 22. Bf4 {269} Bf6 {30} 23.
g4 {177} Qd7 {391} 24. Bb5 {2} c6 {1} 25. Ba6 {1} Bxg4 {2} 26. Bxc8 {6} Rxc8 {2
} 27. hxg4 {4} Bxd4 {3} 28. Qd1 {7} Bxa1 {2} 29. Qxa1 {1} Qxg4+ {1} 30. Bg3 {5}
Rd8 {2} 31. Qc3 {348} Qd4 {58} 32. Re8+ {8} Kh7 {6} 33. Qc2+ {1} Qd3 {88} 34.
Qxd3+ {0} Rxd3 {1} 35. Ne4 {1} Rxa3 {1} 36. Re7 {5} Nb3 {237} 37. Rxf7 {159}
Nxc5 {56} 38. Be5 {. 1075} Kg6 {28} 39. Nd6 {6} a5 {122} 40. Rxg7+ {5} Kh5 {13}
41. Kg2 {0} Ra2 {25} 42. Rg3 {7} Ne6 {52} 43. Kf1 {4} b5 {17} 44. Rh3+ {15} Kg4
{12} 45. Rxh6 {6} Nf4 {15} 46. Rf6 {3} Ra4 {19} 47. Nf7 {68} Kf3 {1} 48. Kg1 {
384} Kg4 {2} 49. Kh2 {111} c5 {16} 50. Bc7 {178} Rd4 {3} 51. Bd6 {49} a4 {152}
52. Bxc5 {15} Rd5 {18} 53. Bd6 {10} Rd4 {22} 54. Ne5+ {21} Kg5 {11} 55. Be7 {9}
Re4 {35} 56. Nf7+ {164} Kg4 {2} 57. f3+ {5} Kxf3 {3} 58. Ng5+ {1} Ke3 {14} 59.
Bc5+ {3} Kd3 {17} 60. Nxe4 {3} Kxe4 {13} 61. Rb6 {2} Kd5 {70} 62. Rxb5 {5} Kc4
{6} 63. Ra5 {3} Kb3 {20} 64. Be7 {Time (Lag: Av=0.30s, max=1.1s) 33} 1-0

[Event "CSS Freestyle 8th"]
[Site "playchess.com"]
[Date "2008.04.12"]
[Round "6"]
[White "Stabiloboss"]
[Black "Death_cap"]
[Result "1/2-1/2"]
[WhiteElo "2406"]
[BlackElo "2444"]
[PlyCount "137"]
[EventDate "2008.04.11"]

1. e4 {15} c5 {150} 2. Nf3 {71} d6 {6} 3. d4 {2} cxd4 {3} 4. Nxd4 {2} Nf6 {8}
5. Nc3 {2} a6 {3} 6. Be3 {13} e6 {15} 7. f3 {324} b5 {19} 8. g4 {130} h6 {83}
9. Qd2 {89} b4 {30} 10. Na4 {620} Nbd7 {25} 11. O-O-O {47} Ne5 {22} 12. Qxb4 {
570} Bd7 {32} 13. Nc3 {33} Qc7 {81} 14. Nb1 {370} d5 {587} 15. Qc3 {21} Qxc3 {
11} 16. Nxc3 {5} dxe4 {16} 17. Nxe4 {23} Nxe4 {15} 18. fxe4 {4} Nxg4 {14} 19.
Bg1 {6} g6 {1152} 20. Nf3 {26} Bg7 {453} 21. Bd4 {685} Bxd4 {207} 22. Rxd4 {16}
Ke7 {2} 23. Rg1 {59} Nf6 {8} 24. Bd3 {46} Rhc8 {98} 25. Kd2 {112} Bc6 {155} 26.
Ne5 {16} Be8 {253} 27. b4 {94} a5 {78} 28. a3 {9} Nh5 {20} 29. Ke3 {31} axb4 {
232} 30. axb4 {14} g5 {16} 31. Ng4 {16} Ra3 {47} 32. Kd2 {41} Nf6 {8} 33. Nxh6
{21} Ba4 {18} 34. e5 {36} Nd5 {14} 35. Rxg5 {14} Bxc2 {26} 36. Rxd5 {. 242}
exd5 {10} 37. Nf5+ {12} Kd7 {18} 38. Bxc2 {17} Ra2 {21} 39. e6+ {47} fxe6 {9}
40. Rg7+ {5} Kd8 {13} 41. Rg8+ {14} Kd7 {15} 42. Rxc8 {20} Kxc8 {4} 43. Ne3 {20
} Ra7 {11} 44. Bd1 {22} Rb7 {10} 45. Kc3 {35} Rh7 {97} 46. Bg4 {18} Kd8 {9} 47.
h3 {36} Ke7 {Death_cap offers a draw 6} 48. Nc2 {41} e5 {13} 49. Kd3 {13} Kd6 {
14} 50. Ne3 {6} Ra7 {8} 51. Nf5+ {13} Kc6 {6} 52. h4 {38} Ra3+ {32} 53. Kc2 {19
} Kb5 {6} 54. h5 {12} Kxb4 {1} 55. h6 {15} Ra2+ {6} 56. Kd3 {8} Rh2 {9} 57. Ke3
{10} d4+ {Death_cap offers a draw 10} 58. Kf3 {21} d3 {19} 59. Kg3 {5} Rh1 {15}
60. Kg2 {8} Ra1 {7} 61. h7 {12} Ra8 {55} 62. Ne3 {15} e4 {6} 63. Bf5 {53} Kc3 {
9} 64. Bxe4 {29} Rf8 {8} 65. Nd5+ {43} Kd4 {14} 66. Nf6 {31} Rh8 {9} 67. Kf3 {
17} d2 {7} 68. Bc2 {19} Ke5 {8} 69. Ng4+ {
Stabiloboss bietet Remis (Lag: Av=0.66s, max=5.6s) 32} 1/2-1/2

[Event "CSS Freestyle 8th"]
[Site "playchess.com"]
[Date "2008.04.12"]
[Round "6"]
[White "FATTAaMANO"]
[Black "Necromant"]
[Result "1-0"]
[WhiteElo "2424"]
[BlackElo "2361"]
[PlyCount "200"]
[EventDate "2008.04.11"]

1. d4 {3} Nf6 {126} 2. c4 {18} g6 {23} 3. Nf3 {5} Bg7 {2} 4. Nc3 {20} d5 {4} 5.
Bg5 {17} dxc4 {62} 6. e4 {96} c5 {5} 7. Bxc4 {34} cxd4 {248} 8. Nxd4 {12} O-O {
99} 9. e5 {207} Ng4 {4} 10. Nd5 {140} Nxe5 {25} 11. Nxe7+ {91} Kh8 {7} 12.
Nxg6+ {53} fxg6 {15} 13. Bxd8 {7} Rxd8 {0} 14. Qa4 {170} Nxc4 {5} 15. Qxc4 {4}
Bxd4 {5} 16. O-O {4} Nc6 {34} 17. Qb3 {255} Rb8 {25} 18. Rfd1 {156} Bf5 {99}
19. Rd2 {FATTAaMANO bietet Remis 60} Rd7 {249} 20. Re1 {155} Kg7 {144} 21. h3 {
455} h5 {28} 22. Kh1 {117} Rbd8 {253} 23. f3 {121} h4 {75} 24. Qa4 {88} g5 {573
} 25. Rf1 {122} Be5 {138} 26. Rxd7+ {151} Rxd7 {0} 27. Rd1 {5} Bd4 {62} 28. Qc4
{104} Kf6 {169} 29. Qf1 {14} Kg6 {252} 30. f4 {108} gxf4 {98} 31. Qxf4 {6} Be5
{20} 32. Qa4 {47} b5 {54} 33. Qb3 {108} Nd4 {34} 34. Qg8+ {70} Kh6 {2} 35. b4 {
95} Bf6 {73} 36. Re1 {11} Nc2 {89} 37. Re8 {20} Kh5 {4} 38. Qf8 {59} Kg6 {46}
39. Qc5 {27} Rd1+ {130} 40. Kh2 {5} Nd4 {41} 41. Qc7 {89} a6 {8} 42. Rg8+ {15}
Kh6 {15} 43. Qf4+ {13} Kh7 {19} 44. Rg4 {30} Bd8 {108} 45. Rxh4+ {41} Bxh4 {14}
46. Qxh4+ {7} Kg6 {15} 47. Qe7 {13} Rd3 {38} 48. a3 {48} Rd1 {52} 49. Qd6+ {32}
Kg5 {14} 50. Qd8+ {33} Kf4 {59} 51. Qc7+ {34} Kg5 {71} 52. Qb8 {43} Rd3 {34}
53. Qd8+ {20} Kf4 {14} 54. Qc7+ {6} Kg5 {21} 55. Qb7 {27} Kf4 {48} 56. Qxa6 {20
} Rc3 {12} 57. h4 {33} Ke3 {34} 58. a4 {41} bxa4 {12} 59. Qxa4 {4} Be4 {23} 60.
b5 {67} Rb3 {11} 61. b6 {35} Rxb6 {34} 62. Qa3+ {4} Bd3 {45} 63. h5 {47} Rb5 {
48} 64. Qc1+ {30} Ke2 {28} 65. h6 {64} Rh5+ {16} 66. Kg1 {4} Bf5 {46} 67. Qf4 {
16} Kd3 {27} 68. Kf2 {66} Rh1 {27} 69. Qe3+ {12} Kc4 {4} 70. Qa3 {5} Rh4 {45}
71. Qc1+ {14} Kd3 {5} 72. Qe3+ {6} Kc4 {5} 73. Qd2 {20} Re4 {30} 74. Qc1+ {4}
Kd5 {11} 75. Qc7 {36} Re2+ {10} 76. Kf1 {10} Bd3 {3} 77. Qa5+ {14} Nb5 {29} 78.
Kg1 {56} Kc5 {11} 79. Qd8 {31} Nd4 {16} 80. h7 {38} Bxh7 {9} 81. Qc7+ {6} Kd5 {
28} 82. Qxh7 {6} Re5 {16} 83. Qb7+ {21} Kd6 {81} 84. Qa6+ {40} Kd5 {62} 85.
Qa8+ {13} Kc4 {24} 86. g4 {15} Kd3 {21} 87. Kf2 {68} Ne6 {73} 88. Qf3+ {36} Kd4
{38} 89. Qc6 {32} Nc5 {18} 90. Kf3 {62} Re6 {35} 91. Qc7 {12} Ra6 {30} 92. g5 {
13} Ne6 {40} 93. Qd7+ {27} Kc5 {30} 94. g6 {62} Rd6 {25} 95. Qa7+ {7} Kd5 {9}
96. g7 {105} Nxg7 {69} 97. Qxg7 {5} Re6 {2} 98. Kf4 {8} Re4+ {2} 99. Kf5 {7}
Rd4 {1} 100. Qb7+ {5} Kc4 {Necromant resigns (Lag: Av=0.38s, max=1.9s) 24} 1-0